01313 a2200193 4500020001500000020001800015100002300033245005300056250001200109260003900121300002100160490006600181500001500247520061300262700000900875830006600884856008200950856008701032 a025602961X a97802560296111 aAnthony, Robert N.10aManagement control systems /cRobert N. Anthony. a5th ed. a[S.l.] :bRichard D. Irwin,c1984. a872 p. ;c24 cm.1 aThe robert N. anthony/willard J. graham series in accounting. aHardcover. a"Management Control Systems, 11/e" builds on strengths from prior editions by offering a rich diversity of cases balanced with current material. The primary market for Management Control Systems is an MBA level elective in control systems. The text may also be appropriate for advanced managerial accounting courses and/or MBA-level cost accounting courses with an emphasis on management control. "Management Control Systems, 11/e" is organized to develop insights and analytical skills related to how managers go about designing, implementing, and using planning and control systems to implement strategies.1 aetc. 4aThe robert N. anthony/willard J. graham series in accounting.403Amazon.comuhttp://www.amazon.com/exec/obidos/ASIN/025602961X/chopaconline-20403Amazon customer reviewsuhttp://www.chopac.org/cgi-bin/tools/azrev.pl?q=025602961X